| 000 | 00785nam a2200241 a 4500 | ||
|---|---|---|---|
| 001 | 32771 | ||
| 003 | BD-RjUL | ||
| 005 | 20211209051906.0 | ||
| 008 | 140428t19721959nyu 001 0 eng d | ||
| 035 | _a(BD-RjUL)32861 | ||
| 040 |
_aDLC _cDLC _dBD-RjUL _beng |
||
| 041 | _aeng | ||
| 082 |
_a320.019 _bHYP 1972 _223 |
||
| 100 | 1 |
_aHyman, Herbert Hiram _d1918- _999648 |
|
| 245 | 1 | 0 |
_aPolitical socialization : _ba study in the psychology of political behavior / _cHerbert H. Hyman |
| 250 | _aFirst Free Press paperback ed. | ||
| 260 |
_aNew York : _bThe Free Press ; _aLondon : _bCollier Macmillan, _c1972. |
||
| 300 |
_axi, [3], 140 p. ; _c20 .8 cm |
||
| 504 | _aIncludes index. | ||
| 650 | 0 |
_aPolitical psychology _93579 |
|
| 650 | 0 |
_aPolitical socialization _999649 |
|
| 942 |
_2ddc _cBK |
||
| 999 |
_c32771 _d32771 |
||